000
00275nam a22001217a 4500
020
_a
9788131311134
082
_a
070.4
100
_a
J.K. Singh
245
_a
Journalism and mass communication
260
_a
New Delhi
_b
APH publishing
_c
2011.
300
_a
270p
942
_c
BK
999
_c
2762
_d
2762